LEADER 00859nam--2200313---450- 001 990003509260203316 005 20110304132213.0 035 $a000350926 035 $aUSA01000350926 035 $a(ALEPH)000350926USA01 035 $a000350926 100 $a20110304d--------km-y0itay50------ba 101 $aita 102 $aIT 105 $ay---||||001yy 200 1 $aDisgiunzione della sinfisi pubica da parto$fG. De Lucchi 210 $aBologna$cCappelli$ds.d. 215 $a150-164 p.$d26 cm 606 0 $aParto$2BNCF 676 $a618.4 700 0$aDE LUCCHI,$bG.$0609620 801 0$aIT$bsalbc$gISBD 912 $a990003509260203316 951 $aFDC MISC 4/105$b1159 Med.$cFDC 959 $aBK 969 $aMED 979 $aMANCUSO$b90$c20110304$lUSA01$h1322 996 $aDisgiunzione della sinfisi pubica da parto$91114246 997 $aUNISA LEADER 02049nam0 2200445 i 450 001 VAN0051384 005 20211118094650.195 010 $a978-35-402-0358-2 100 $a20060906d2003 |0itac50 ba 101 $aeng 102 $aDE 105 $a|||| ||||| 200 1 $aDiscrete-event control of stochastic networks: multimodularity and regularity$fEitan Altman, Bruno Gaujal, Arie Hordijk 210 $aBerlin$cSpringer$d2003 215 $aXIV, 313 p.$cill.$d24 cm 300 $aPubblicazione disponibile anche in formato elettronico 461 1$1001VAN0102250$12001 $aLecture notes in mathematics$1210 $aBerlin [etc.]$cSpringer$v1829 500 1$3VAN0234453$aDiscrete-event control of stochastic networks: multimodularity and regularity$9474640 606 $a49-XX$xCalculus of variations and optimal control; optimization [MSC 2020]$3VANC019757$2MF 606 $a60-XX$xProbability theory and stochastic processes [MSC 2020]$3VANC020428$2MF 610 $aCombinatorics$9KW:K 610 $aControl of queueing systems$9KW:K 610 $aDiscrete event systems$9KW:K 610 $aMultimodularity$9KW:K 610 $aOptimal control with no information$9KW:K 610 $aOptimization$9KW:K 610 $aStochastic network$9KW:K 610 $aStochastic processes$9KW:K 620 $dBerlin$3VANL000066 700 1$aAltman$bEitan$3VANV040359$0150733 701 1$aGaujal$bBruno$3VANV040361$0150734 701 1$aHordijk$bArie$3VANV040360$0150735 712 $aSpringer $3VANV108073$4650 801 $aIT$bSOL$c20240614$gRICA 856 4 $uhttps://doi.org/10.1007/b93837$zhttps://doi.org/10.1007/b93837 899 $aBIBLIOTECA DEL DIPARTIMENTO DI MATEMATICA E FISICA$1IT-CE0120$2VAN08 912 $aVAN0051384 950 $aBIBLIOTECA DEL DIPARTIMENTO DI MATEMATICA E FISICA$d08PREST 60-XX 0110 $e08 6591 I 20060906 996 $aDiscrete-event control of stochastic networks: multimodularity and regularity$9474640 997 $aUNICAMPANIA